000 00501nam a2200217Ia 4500
003 0100
008 130227s9999 xx 000 0 und d
040 _cARRUPELIB
050 _aB395.A646
100 _aAnnas, Julia
245 _aPlato
245 _ba very short introduction
260 _aOxford
260 _bOxford University Press
260 _C2003
300 _a104p.
300 _b 23 cm
440 _aVery short introductions
650 _bHarris, William Wade
942 _2lcc
_03
999 _c5908
_d5908